Loading...
| Social Science | 0 | 3 | 0 | 1 | 30 | 89 | 102.00 | 0 | 0 | 2.64 | 9.77 |
| Fine Arts - Other | 0 | 3 | 0 | 0 | 30 | 71 | 108.00 | 0 | 1 | 3.99 | 15.45 |
| History - American | 0 | 3 | 0 | 0 | 30 | 65 | 81.67 | 0 | 0 | 8.80 | 9.32 |
| History - Other | 0 | 3 | 1 | 0 | 25 | 92 | 109.33 | 0 | 1 | 3.79 | 12.05 |
| History - European | 0 | 2 | 0 | 0 | 20 | 75 | 101.50 | 1 | 1 | 3.64 | 10.00 |
| Geography | 0 | 1 | 0 | 1 | 10 | 124 | 124.00 | 0 | 0 | 0.00 | 6.25 |
| Fine Arts - Classical Music | 0 | 1 | 0 | 0 | 10 | 103 | 103.00 | 0 | 0 | 1.89 | 5.45 |
| Science - Physics | 0 | 1 | 0 | 0 | 10 | 103 | 103.00 | 0 | 0 | 1.09 | 2.27 |
| History - World | 0 | 1 | 1 | 0 | 5 | 62 | 62.00 | 1 | 1 | 4.58 | 9.09 |
| Literature - American | 0 | 1 | 1 | 0 | 5 | 104 | 104.00 | 0 | 0 | 2.75 | 2.73 |
| Other Academic | 0 | 0 | 0 | 0 | 0 | 0.00 | 0 | 0 | 0.00 | 0.00 | |
| Literature - British | 0 | 0 | 0 | 0 | 0 | 0.00 | 0 | 0 | 0.00 | 0.00 | |
| Philosophy | 0 | 0 | 1 | 0 | -5 | 0.00 | 0 | 0 | 0.00 | 0.00 | |
| Current Events | 0 | 0 | 1 | 0 | -5 | 0.00 | 0 | 0 | 0.00 | 0.00 | |
| Religion | 0 | 0 | 2 | 0 | -10 | 0.00 | 0 | 0 | 0.00 | 0.00 |